000 01350nam a2200337 i 4500
003 EG-GICUC
005 20260201181222.0
008 260201s1985 ua ||||fr|||| 00| 0 ara d
017 _a1984/1/245
040 _a EG-GICUC
_bara
_c EG-GICUC
_d EG-GICUC
_erda
041 _aara
082 0 4 _221
_a343.3062
_bم ح . ت
092 0 4 _221
099 _aLaw1 10 343.3062 م ح . ت 2 ed - 1985
100 0 _aمحمود محمود مصطفى
_eمؤلف.
245 1 0 _aتطور قانون الأجراءات الجنائية في مصر وغيرها من الدول العربية /
_cتأليف الدكتور محمود محمود مصطفى.
250 _aالطبعة الثانية،
_b1985.
264 1 _aالجيزة :
_bمطبعة جامعة القاهرة،
_c1985.
300 _a192 صفحة ;
_c24 سم.
_bإيضاحيات، صور، مثيليات ؛
336 _2rda content
_atext
337 _2rda media
_aComputer
338 _2rda carrier
_aOnline Resource
504 _aيشتمل على إرجاعات ببليوجرافية.
546 _aالنص باللغة العربية
650 1 _aالقانون الجنائي
650 1 _a قانون الإجراءات الجنائية
_zمصر
651 1 _2qrmak
856 4 0 _uhttps://fll.law.cu.edu.eg/fulltext/bks/B10-05203.pdf
905 _a43
942 _2ddc
_n0
_cBK
_e21
999 _c60188
_d60188